| 000 | 00650nam a22002057a 4500 | ||
|---|---|---|---|
| 005 | 20251108165449.0 | ||
| 008 | 250721s1992 xx 000 0 ara d | ||
| 082 | 1 | 4 | _aم/216/شعب |
| 100 | 1 | _aالشعبي، أبو المطرف عبد الرحمن بن قاسم | |
| 245 | 1 | 0 | _aالأحكام / |
| 264 | 1 |
_aبيروت : _bدار الغرب الإسلامي، _c1992. |
|
| 300 | _a623ص | ||
| 650 | 1 | 7 | _aالإسلام |
| 650 | 1 | 7 | _aالفقه الإسلامي |
| 650 | 1 | 7 | _aالفقه المالكي |
| 650 | 1 | 7 | _aالفقهاء المسلمون |
| 700 | 1 |
_aالحلوي، الصادق _eتحقيق |
|
| 942 |
_2ddc _cREF |
||
| 999 |
_c28537 _d28537 |
||